| 000 | 01594nam0a2200361 4500 | ||
|---|---|---|---|
| 001 | RU\NLR\BIBL_A\022639788 | ||
| 005 | 20260121134038.0 | ||
| 010 |
_a978-5-16-113771-0 _bonline _9500 |
||
| 010 |
_a978-5-16-021082-7 _bprint _9500 |
||
| 021 |
_aRU _bКН-П-25-043565 _9КН-П-25-4238 |
||
| 035 | _a(NLR Aleph) 022639788 | ||
| 090 |
_a13535528 _c13535528 |
||
| 100 | _a20251008d2026 u y0rusy50 ca | ||
| 101 | 0 |
_arus _aeng |
|
| 102 | _aRU | ||
| 105 | _aa j 000yy | ||
| 181 | 0 |
_ai3 _baxxe |
|
| 182 | 0 | _an | |
| 200 | 1 |
_aАнглийский язык в машиностроении _dEnglish for mechanical engineering _eучебник _fО. Н. Анюшенкова _zeng |
|
| 203 |
_aТекст _bвизуальный _cнепосредственный |
||
| 210 |
_aМосква _cИНФРА-М _d2026 (печ. 2025) |
||
| 215 |
_a339 с. _cил., табл. _d22 |
||
| 225 | 1 | _aВысшее образование | |
| 320 | _aБиблиогр.: с. 294-295 | ||
| 510 | 1 |
_6z20790 _aEnglish for mechanical engineering _zeng |
|
| 606 | 1 |
_aАнглийский язык _xУчебные издания для машиностроительных специальностей _92396294 _3RU\NLR\AUTH\661428703 |
|
| 686 | 1 | _aШ143.21-93рус328.75 | |
| 700 | 1 |
_7ca _8rus _aАнюшенкова _bО. Н. _gОльга Николаевна _9269624 _3RU\NLR\AUTH\770269680 |
|
| 790 | 1 |
_6z20510 _7ba _8rus _aAnjušenkova _bO. N. _gOl'ga Nikolaevna _9269626 _3RU\NLR\AUTH\770269682 |
|
| 942 | _cBOOK | ||
| 980 | _aNB | ||